|
|
|
|
| LEADER |
01619cam a2200301 i 4500 |
| 001 |
220832 |
| 003 |
GR-PaULI |
| 005 |
20221221123421.0 |
| 008 |
990310s1995 sp 100 0 spa |
| 952 |
|
|
|0 0
|1 0
|2 ddc
|4 0
|6 415_000000000000000_DEG
|7 0
|9 366932
|a LISP
|b LISP
|c BSC
|d 2022-12-21
|i 258956
|l 0
|o 415 DEG
|p 025000295779
|r 2022-12-21 00:00:00
|t 1
|v 2022.00
|w 2022-12-21
|y BK15
|x Δωρεά Ράλλη
|
| 999 |
|
|
|c 214453
|d 214453
|
| 020 |
|
|
|a 847907180X
|
| 040 |
|
|
|a DLC
|c DLC
|d GR-PaULI
|b gre
|e AACR2
|
| 041 |
0 |
|
|a spa
|a eng
|
| 082 |
0 |
0 |
|a 415
|2 21
|
| 245 |
0 |
0 |
|a De grammatica generativa /
|c Patxi Goenaga (ed.).
|
| 260 |
|
|
|a Donostia ;
|a Gasteiz :
|b Diputación Foral de Gipuzkoa ;
|b Universidad del País Vasco,
|c 1995.
|
| 300 |
|
|
|a xiv, 207 σ. ;
|c 24 εκ.
|
| 490 |
0 |
|
|a Anejos del Anuario del Seminario de Filología Vasca "Julio de Urquijo" ;
|v XXXVIII
|
| 500 |
|
|
|a Εισηγήσεις από το 2nd Colloquium on Generative Grammar (8-10 Απριλίου, 1992, Vitoria, Ισπανία).
|
| 504 |
|
|
|a Περιλαμβάνει βιβλιογραφικές παραπομπής.
|
| 546 |
|
|
|a Κείμενο στα ισπανικά και στα αγγλικά. Εισαγωγή σε ισπανικά, αγγλικά και βασκικά.
|
| 650 |
|
4 |
|a Γενετική γραμματική
|9 45284
|x Συνέδρια
|
| 700 |
1 |
|
|a Goenaga, Patxi
|9 195254
|e επιμελητής
|
| 711 |
2 |
|
|a Colloquium on Generative Grammar
|n (2nd :
|d 1992 :
|c Vitoria, Spain)
|9 195255
|
| 856 |
4 |
2 |
|3 Περιγραφή εκδότη
|u http://www.loc.gov/catdir/enhancements/fy0837/99182258-d.html
|
| 942 |
|
|
|2 ddc
|c BK
|
| 998 |
|
|
|c ΓΚΟΓΚΟΥ
|d 2022-12
|